000 00959nas a2200241 4500
001 BR8401258
003 BR-BrBNA
005 20231205085827.0
007 ta
008 230509b bl.|||p| |||| 00| 00por d
040 _aBR-BrBNA
_bpor
_cBiblioteca Nacional de Agricultura
041 _a(Pt)
072 _aH10
100 1 _aBiezanko, C.M.
245 1 _aAdelocephalidae, Saturniidae, Mimallonidae, Lasiocampidae, Eupterotidae e Lymantriidae da regiao sueste do Rio Grande do Sul [lepidoptero, Brasil]
246 1 _aAdelocephalidae, Saturniidae, Mimallonidae, Lasiocampidae, Eupterotidae and Lymantriidae from the southeastern region of Rio Grande do Sul [lepidopteron, Brazil]
650 _aLEPIDOPTERO
650 _aBIOLOGIA
650 _aRIO GRANDE DO SUL
773 0 _tRevista do Centro de Ciencias Rurais (Brazil)
_xISSN 0085-5901
_g(Apr 1983), v. 13(2-3) p. 97-121
_wBR8401258
909 _a202311
_bLúcia
_c55
_dLúcia Elande
942 _2AGRIS
_n0
_cANA
999 _c114095
_d114095